The Caribbean : (Record no. 22897)

MARC details
000 -LEADER
campo de control de longitud fija 01254cam a2200361Ia 4500
001 - NÚMERO DE CONTROL
campo de control 38559
005 - FECHA Y HORA DE LA ÚLTIMA TRANSACCIÓN
campo de control 20230410103632.0
008 - DATOS DE LONGITUD FIJA--INFORMACIÓN GENERAL
campo de control de longitud fija 940914s1994 dcuabc b 001 0 eng d
035 ## - NÚMERO DE CONTROL DEL SISTEMA
Número de control de sistema (OCoLC)ocm31113857
040 ## - FUENTE DE CATALOGACIÓN
Centro catalogador/agencia de origen BKL
Centro/agencia transcriptor BKL
Centro/agencia modificador FAU
-- OCLCQ
-- DRFGD
020 ## - NÚMERO INTERNACIONAL ESTÁNDAR DEL LIBRO
Número Internacional Estándar del Libro 091834607X :
Condiciones de disponibilidad $19.95
020 ## - NÚMERO INTERNACIONAL ESTÁNDAR DEL LIBRO
Número Internacional Estándar del Libro 9780918346070
035 ## - NÚMERO DE CONTROL DEL SISTEMA
Número de control de sistema (OCoLC)31113857
043 ## - CÓDIGO DE ÁREA GEOGRÁFICA
Código de área geográfica cc-----
-- n-us---
092 ## - ASIGNACIÓN LOCAL DE SIGNATURA TOPOGRÁFICA DEWEY (OCLC)
Número de clasificación 972.9052
Número de ítem S
050 14 - SIGNATURA TOPOGRÁFICA DE LA BIBLIOTECA DEL CONGRESO
Número de clasificación 200 F 2183
Número de ítem S957c 1994
049 ## - FONDOS LOCALES (OCLC)
Biblioteca depositaria GRAL
100 1# - ENTRADA PRINCIPAL--NOMBRE DE PERSONA
Nombre de persona Sunshine, Cathy.
245 14 - MENCIÓN DEL TÍTULO
Título The Caribbean :
Resto del título survival, struggle and sovereignty /
Mención de responsabilidad, etc. by Catherine A. Sunshine.
250 ## - MENCION DE EDICION
Mención de edición 3a ed.
260 ## - PUBLICACIÓN, DISTRIBUCIÓN, ETC.
Lugar de publicación, distribución, etc. Washington, D.C. :
Nombre del editor, distribuidor, etc. Ecumenical Program on Central America and the Caribbean,
Fecha de publicación, distribución, etc. c1994.
300 ## - DESCRIPCIÓN FÍSICA
Extensión 255 p. :
Otras características físicas ill., maps, ports. ;
Dimensiones 28 cm.
500 ## - NOTA GENERAL
Nota general "An EPICA publication."
504 ## - NOTA DE BIBLIOGRAFÍA, ETC.
Nota de bibliografía, etc. Includes bibliographical references.
651 #0 - PUNTO DE ACCESO ADICIONAL DE MATERIA--NOMBRE GEOGRÁFICO
Nombre geográfico Caribbean Area
Subdivisión general Politics and government
Subdivisión cronológica 1945-
651 #0 - PUNTO DE ACCESO ADICIONAL DE MATERIA--NOMBRE GEOGRÁFICO
Nombre geográfico Caribbean Area
Subdivisión general Economic conditions
Subdivisión cronológica 1945-
651 #0 - PUNTO DE ACCESO ADICIONAL DE MATERIA--NOMBRE GEOGRÁFICO
Nombre geográfico United States
Subdivisión general Relations
Subdivisión geográfica Caribbean Area.
651 #0 - PUNTO DE ACCESO ADICIONAL DE MATERIA--NOMBRE GEOGRÁFICO
Nombre geográfico Caribbean Area
Subdivisión general Relations
Subdivisión geográfica United States.
710 2# - ENTRADA AGREGADA--NOMBRE DE ENTIDAD CORPORATIVA
Nombre de entidad corporativa o nombre de jurisdicción como elemento de entrada Ecumenical Program on Central America and the Caribbean.
710 2# - ENTRADA AGREGADA--NOMBRE DE ENTIDAD CORPORATIVA
Nombre de entidad corporativa o nombre de jurisdicción como elemento de entrada EPICA (Organization)
942 ## - ELEMENTOS DE ENTRADA SECUNDARIOS (KOHA)
Fuente del sistema de clasificación o colocación Clasificación de Library of Congress
Tipo de ítem Koha
994 ## -
-- C0
-- DRFGD
Holdings
Estatus retirado Estado de pérdida Fuente del sistema de clasificación o colocación Estado de daño No para préstamo Colección Biblioteca de origen Biblioteca actual Ubicación en estantería Fecha de adquisición Serial enumeration / chronology Signatura topográfica completa Código de barras Visto por última vez Copia número Tipo de ítem Koha
    Clasificación de Library of Congress     Recursos Regionales Biblioteca Juan Bosch Biblioteca Juan Bosch Recursos Regionales (2do. Piso) 10/04/2023 1 200 F 2183 S957c 1994 00000030495 23/10/2018 1